| 000 | 01347nam0a22002891 4500 | ||
|---|---|---|---|
| 001 | rc\4051404 | ||
| 005 | 20130415143248.2 | ||
| 021 |
_aRU _b[52-24821] |
||
| 035 | _a(NLR Aleph) 008106027 | ||
| 090 |
_a9274057 _c9274057 |
||
| 100 | _a20130415d1952 |||y0rusy50 ca | ||
| 101 | 0 | _arus | |
| 102 | _aRU | ||
| 105 | _aa z ||||| | ||
| 200 | 1 |
_aВарочный котел ИВНИТИ _eТехн. характеристика котла, инструкция по проектированию варочных отделов, оборудованных котлами ИВНИТИ, и инструкция по эксплуатации котлов _fИван. науч.-исслед. ин-т хлопчатобумажной пром-сти "ИВНИТИ" |
|
| 210 |
_aИваново _cБ. и. _d1952 |
||
| 215 |
_a28 с. _cчерт. _d26 |
||
| 300 | _aСост. указаны в конце текста | ||
| 606 |
_aВарочные котлы (текстил.) _2psbo |
||
| 700 | 1 |
_aЗалманзон _bЯ. С. _gЯков Соломонович _4220 |
|
| 701 | 1 |
_aСоколов _bЛ. Н. _4220 |
|
| 712 | 0 | 2 |
_aИвановский НИИ хлопчатобумажной промышленности _3RU\NLR\AUTH\889936576 |
| 801 | 0 |
_aRU _bNLR _gpsbo |
|
| 801 | 1 |
_aRU _bELAR _2rusmarc |
|
| 852 |
_aNLR _jТ56 Г-8/114 |
||
| 942 | _cBOOK | ||
| 980 | _aNB | ||